Hommes politiques de la IVème République et leur partis - Statistiques

Statistiques générales
  • Ce quiz a été pris 31 fois
  • Le résultat moyen est 9 sur 13
Statistiques - réponses
Hint Réponse % Correct
Paul Ramadier socialiste
91%
Guy Mollet socialiste
91%
Vincent Auriol socialiste
91%
Henri Queuille radical
83%
Edgar Faure radical
83%
Pierre Mendès France radical
83%
Robert Schuman mouvement républicain populaire
74%
Georges Bidault mouvement républicain populaire
74%
Pierre Pfimlin mouvement républicain populaire
74%
Antoine Pinay centre national des indépendants et des paysans
43%
René Coty centre national des indépendants et des paysans
43%
René Pleven union démocratique et sociale de la Résistance
35%
Joseph Laniel indépendant
17%
Aucun quiz correspondant
Distribution des résultats
% des personnes avec chaque résultat
Percentile par nombre de réponses
Votre historique - résultats
Vous n’avez pas pris ce quiz